Kế toán trưởng và những qui định cần biết

Tập hợp các pháp lệnh, điều lệ, thông tư, hướng dẫn ... về các vấn đề: tổ chức kế toán nhà nước, chế độ quản lý tài chính và hạch toán kinh doanh đối với doanh nghiệp, chế độ khấu hao cơ bản tài sản cố định và chính sách về thue...

全面介绍

Đã lưu trong:
书目详细资料
主要作者: Lê, Thành Châu
格式: 图书
语言:Undetermined
出版: Hà Nội Thống kê 1996
主题:
标签: 添加标签
没有标签, 成为第一个标记此记录!
Thư viện lưu trữ: Trung tâm Học liệu Trường Đại học Cần Thơ
LEADER 01075nam a2200205Ia 4500
001 CTU_23663
008 210402s9999 xx 000 0 und d
020 |c 58000 
082 |a 657 
082 |b K250 
100 |a Lê, Thành Châu 
245 0 |a Kế toán trưởng và những qui định cần biết 
245 0 |c Lê Thành Châu luật gia 
260 |a Hà Nội 
260 |b Thống kê 
260 |c 1996 
520 |a Tập hợp các pháp lệnh, điều lệ, thông tư, hướng dẫn ... về các vấn đề: tổ chức kế toán nhà nước, chế độ quản lý tài chính và hạch toán kinh doanh đối với doanh nghiệp, chế độ khấu hao cơ bản tài sản cố định và chính sách về thuế. Xử lí các hành vi vi phạm hành chính trong kế toán thống kê 
650 |a Accounting,Kế toán 
904 |i Phượng, 980509, lthieu 
980 |a Trung tâm Học liệu Trường Đại học Cần Thơ